Sports Quiz

Random Sports or MLB Quiz

MLB World Series Runners-Up Quiz Stats

 Plays Quiz Updated Oct 28, 2018

Score 0/114 Timer 15:00
16 Plays Today
Year Loser % Correct
2018Los Angeles Dodgers
85.6%
2017Los Angeles Dodgers
83.6%
2016Cleveland Indians
83.1%
2001New York Yankees
81.6%
2003New York Yankees
78%
2004St. Louis Cardinals
77.2%
2011Texas Rangers
76.5%
2010Texas Rangers
75.8%
2015New York Mets
75.7%
2009Philadelphia Phillies
75.6%
2012Detroit Tigers
75.2%
2014Kansas City Royals
74.6%
2013St. Louis Cardinals
74%
2002San Francisco Giants
74%
2000New York Mets
73.9%
2006Detroit Tigers
72.7%
2008Tampa Bay Rays
72.6%
1996Atlanta Braves
72.1%
2007Colorado Rockies
71.9%
2005Houston Astros
71.4%
1997Cleveland Indians
69.3%
1999Atlanta Braves
69.3%
1986Boston Red Sox
69%
1991Atlanta Braves
67.8%
1992Atlanta Braves
67.4%
1993Philadelphia Phillies
67.2%
1995Cleveland Indians
66.8%
1988Oakland Athletics
65.7%
1998San Diego Padres
65.7%
1989San Francisco Giants
65.1%
1990Oakland Athletics
65%
1985St. Louis Cardinals
62.3%
1981New York Yankees
57.7%
1976New York Yankees
56.9%
1987St. Louis Cardinals
56.5%
1978Los Angeles Dodgers
56.4%
1977Los Angeles Dodgers
56.1%
1960New York Yankees
55.2%
Year Loser % Correct
1955New York Yankees
54.2%
1975Boston Red Sox
54.1%
1903Pittsburgh Pirates
52.3%
1979Baltimore Orioles
51.9%
1984San Diego Padres
51.8%
1957New York Yankees
51.6%
1982Milwaukee Brewers
51.5%
1969Baltimore Orioles
51.4%
1972Cincinnati Reds
51.3%
1956Brooklyn Dodgers
51.1%
1980Kansas City Royals
50.8%
1952Brooklyn Dodgers
50.5%
1968St. Louis Cardinals
50.5%
1983Philadelphia Phillies
50.4%
1964New York Yankees
50.4%
1963New York Yankees
50.3%
1953Brooklyn Dodgers
50.2%
1949Brooklyn Dodgers
50.1%
1971Baltimore Orioles
48%
1951New York Giants
47.7%
1970Cincinnati Reds
47.1%
1967Boston Red Sox
47%
1906Chicago Cubs
46.7%
1919Chicago White Sox
46.7%
1974Los Angeles Dodgers
46.7%
1966Los Angeles Dodgers
46.3%
1942New York Yankees
45.4%
1962San Francisco Giants
45.3%
1926New York Yankees
45.2%
1973New York Mets
45.2%
1921New York Yankees
45.1%
1954Cleveland Indians
44.6%
1922New York Yankees
44.5%
1958Milwaukee Braves
44.2%
1923New York Giants
43.5%
1947Brooklyn Dodgers
43.4%
1945Chicago Cubs
43.2%
1907Detroit Tigers
42.6%
Year Loser % Correct
1908Detroit Tigers
42.5%
1961Cincinnati Reds
42.2%
1943St. Louis Cardinals
42.1%
1905Philadelphia Athletics
41.8%
1946Boston Red Sox
41.1%
1909Detroit Tigers
41.1%
1959Chicago White Sox
40.7%
1924New York Giants
40.5%
1911New York Giants
40.3%
1912New York Giants
40.3%
1941Brooklyn Dodgers
40.2%
1910Chicago Cubs
40.1%
1936New York Giants
40.1%
1913New York Giants
40%
1932Chicago Cubs
39.7%
1965Minnesota Twins
39.6%
1937New York Giants
39.5%
1927Pittsburgh Pirates
39.4%
1928St. Louis Cardinals
39.4%
1950Philadelphia Phillies
39.3%
1918Chicago Cubs
38.8%
1914Philadelphia Athletics
38.7%
1917New York Giants
38.1%
1931Philadelphia Athletics
37.9%
1948Boston Braves
37.1%
1920Brooklyn Robins
36.9%
1930St. Louis Cardinals
36.8%
1944St. Louis Browns
36.7%
1938Chicago Cubs
36.6%
1935Chicago Cubs
36.4%
1940Detroit Tigers
36.4%
1929Chicago Cubs
36.3%
1939Cincinnati Reds
36.2%
1934Detroit Tigers
36.2%
1925Washington Senators
35.6%
1916Brooklyn Robins
35.6%
1915Philadelphia Phillies
33.6%
1933Washington Senators
31.6%

You're not logged in!

Compare scores with friends on all Sporcle quizzes.
OR
Log In

Sporcle TV

Today on Sporcle TV


Watch our educational content, quiz creation guides, and fun videos on Sporcle TV.

Show Comments

Extras

Top Quizzes Today


Score Distribution

Your Account Isn't Verified!

In order to create a playlist on Sporcle, you need to verify the email address you used during registration. Go to your Sporcle Settings to finish the process.

Report this User

Report this user for behavior that violates our Community Guidelines.

Details: